Winter Olympics Host Countries - Statistics

General Stats
  • This quiz has been taken 100 times
  • The average score is 22 of 24
Answer Stats
Year Answer % Correct
2010 Canada
98%
1988 Canada
98%
1994 Norway
98%
1952 Norway
98%
1992 France
97%
1968 France
97%
1924 France
97%
2006 Italy
97%
1956 Italy
97%
2014 Russia
97%
2002 United States of America
97%
1980 United States of America
97%
1960 United States of America
97%
1932 United States of America
97%
1998 Japan
93%
1972 Japan
93%
2018 South Korea
93%
2022 China
90%
1936 Germany
90%
1976 Austria
88%
1964 Austria
88%
1948 Switzerland
86%
1928 Switzerland
86%
1984 Yugoslavia
70%
No matching quizzes found
Score Distribution
Percent of People with Each Score
Percentile by Number Answered
Your Score History
You have not taken this quiz